Insect resistance management : (Record no. 208944)
[ view plain ]
| 000 -CABECERA | |
|---|---|
| campo de control de longitud fija | 00874nam a2200301Ia 4500 |
| 001 - NÚMERO DE CONTROL | |
| campo de control | Para_10256 |
| 003 - IDENTIFICADOR DEL NÚMERO DE CONTROL | |
| campo de control | CHAP |
| 008 - DATOS DE LONGITUD FIJA--INFORMACIÓN GENERAL | |
| campo de control de longitud fija | 220125s2014 xx 000 0 und d |
| 010 ## - NÚMERO DE CONTROL DE LA BIBLIOTECA DEL CONGRESO | |
| Número de control de LC | 208944 |
| 020 ## - NÚMERO INTERNACIONAL ESTÁNDAR DEL LIBRO | |
| Número Internacional Estándar del Libro | 978 - 0 - 12 - 396955 - 2 |
| 040 ## - FUENTE DE LA CATALOGACIÓN | |
| Centro/agencia transcriptor | CHAP |
| 082 ## - NÚMERO DE LA CLASIFICACIÓN DECIMAL DEWEY | |
| Número de clasificación | PA632.9 I57 2014 |
| 245 ## - MENCIÓN DE TÍTULO | |
| Título | Insect resistance management : |
| Resto del título | Biology, Economics, and Prediction / |
| Mención de responsabilidad, etc. | editor David W. Onstad |
| 250 ## - MENCIÓN DE EDICIÓN | |
| Mención de edición | 2 |
| 260 ## - PUBLICACIÓN, DISTRIBUCIÓN, ETC. | |
| Lugar de publicación, distribución, etc. | Amsterdam : |
| Nombre del editor, distribuidor, etc. | AP |
| 300 ## - DESCRIPCIÓN FÍSICA | |
| Extensión | 538 P. |
| 500 ## - NOTA GENERAL | |
| Nota general | Incluye referencias bibliográficas e índice |
| 650 ## - PUNTO DE ACCESO ADICIONAL DE MATERIA--TÉRMINO DE MATERIA | |
| Término de materia o nombre geográfico como elemento de entrada | Insectos resistentes |
| 9 (RLIN) | 175243 |
| 650 ## - PUNTO DE ACCESO ADICIONAL DE MATERIA--TÉRMINO DE MATERIA | |
| Término de materia o nombre geográfico como elemento de entrada | Plantas |
| Subdivisión general | resistencia a plagas |
| 9 (RLIN) | 88885 |
| 700 ## - PUNTO DE ACCESO ADICIONAL--NOMBRE DE PERSONA | |
| Nombre de persona | Onstad, David W., ed. |
| 9 (RLIN) | 175244 |
| 901 ## - ELEMENTOS DE DATOS A LOCAL LDA (RLIN) | |
| a | PA632.9 I57 2014 |
| 902 ## - ELEMENTOS DE DATOS B LOCAL, LDB (RLIN) | |
| a | A |
| 905 ## - ELEMENTOS DE DATOS E LOCAL, LDE (RLIN) | |
| a | 5232202014 a 8000000300 06 |
| 910 ## - DATOS DE OPCIÓN DEL USUARIO (OCLC) | |
| Datos de opción del usuario | 2014 |
| 942 ## - ELEMENTOS DE PUNTO DE ACCESO ADICIONAL (KOHA) | |
| Tipo de ítem Koha | Parasitologia_ |
| 942 ## - ELEMENTOS DE PUNTO DE ACCESO ADICIONAL (KOHA) | |
| Tipo de ítem Koha | Parasitologia_ |
| -- | 1 |
| Estado de retiro | Estado de pérdida | Fuente del sistema de clasificación o colocación | Estado dañado | Restricciones de uso | No para préstamo | Código de colección | Localización permanente | Ubicación/localización actual | Fecha de adquisición | Número de inventario | Total de préstamos | Signatura topográfica completa | Código de barras | Fecha visto por última vez | Número de copia | Precio válido a partir de | Tipo de ítem Koha | Nota pública |
|---|---|---|---|---|---|---|---|---|---|---|---|---|---|---|---|---|---|---|
| Dewey Decimal Classification | Préstamo 3 días | General | Parasitologia Agricola | Parasitologia Agricola | 08/05/2015 | (PA_010440) (No. UACh C/E) | PA632.9 I57 2014 | 4102002590 | 25/01/2022 | Ej.3 | 25/01/2022 | Libro | 3 | |||||
| Dewey Decimal Classification | Préstamo interno | General | Parasitologia Agricola | Parasitologia Agricola | 08/05/2015 | (PA_010438) (No. UACh C/E) | PA632.9 I57 2014 | 4102002588 | 25/01/2022 | Ej.1 | 25/01/2022 | Libro | 3 | |||||
| Dewey Decimal Classification | Préstamo 3 días | General | Parasitologia Agricola | Parasitologia Agricola | 08/05/2015 | (PA_010439) (No. UACh C/E) | PA632.9 I57 2014 | 4102002589 | 25/01/2022 | Ej.2 | 25/01/2022 | Libro | 3 |
